Представление документа в формате MARC21

ПолеНазваниеЗначение
  Тип записи a
  Библиографический уровень m
001 Контрольный номер RU\infra-m\znanium\bibl\2255716
005 Дата корректировки 20260429142213.9
008 Кодируемые данные 260428s2026 RU g rus u
020 Индекс ISBN __
a ISBN 978-5-16-015362-9
020 Индекс ISBN __
a ISBN 978-5-16-109022-0 (электр. издание)
040 Источник каталогиз. __
a Служба первич. каталог. Общество с ограниченной ответственностью «ЗНАНИУМ»
041 Код языка издания __
a Код языка текста rus
044 Код страны публикации __
a Код страны публикации RU
080 Индекс УДК __
a Индекс УДК 376(075.32)
084 Индекс другой классификации/Индекс ББК __
2 Источник индекса rubbk
a Индекс другой классификации/Индекс ББК 74.3я723
084 Индекс другой классификации/Индекс ББК __
2 Источник индекса okso
a Индекс другой классификации/Индекс ББК 37.00.00
084 Индекс другой классификации/Индекс ББК __
2 Источник индекса okso
a Индекс другой классификации/Индекс ББК 44.00.00
084 Индекс другой классификации/Индекс ББК __
2 Источник индекса okso
a Индекс другой классификации/Индекс ББК 39.02.01
084 Индекс другой классификации/Индекс ББК __
2 Источник индекса okso
a Индекс другой классификации/Индекс ББК 44.02.01
084 Индекс другой классификации/Индекс ББК __
2 Источник индекса okso
a Индекс другой классификации/Индекс ББК 44.02.02
084 Индекс другой классификации/Индекс ББК __
2 Источник индекса okso
a Индекс другой классификации/Индекс ББК 44.02.03
084 Индекс другой классификации/Индекс ББК __
2 Источник индекса okso
a Индекс другой классификации/Индекс ББК 44.02.04
084 Индекс другой классификации/Индекс ББК __
2 Источник индекса okso
a Индекс другой классификации/Индекс ББК 44.02.05
084 Индекс другой классификации/Индекс ББК __
2 Источник индекса okso
a Индекс другой классификации/Индекс ББК 44.02.06
084 Индекс другой классификации/Индекс ББК __
2 Источник индекса okso
a Индекс другой классификации/Индекс ББК 49.02.01
084 Индекс другой классификации/Индекс ББК __
2 Источник индекса okso
a Индекс другой классификации/Индекс ББК 49.02.02
084 Индекс другой классификации/Индекс ББК __
2 Источник индекса okso
a Индекс другой классификации/Индекс ББК 51.02.01
084 Индекс другой классификации/Индекс ББК __
2 Источник индекса okso
a Индекс другой классификации/Индекс ББК 53.02.01
084 Индекс другой классификации/Индекс ББК __
2 Источник индекса okso
a Индекс другой классификации/Индекс ББК 54.02.06
100 Автор __
a Автор Азбукина Е.Ю.
q Полное имя Азбукина Елена Юрьевна
u Дополнение КОРПОРАТИВНЫЙ УНИВЕРСИТЕТ МОСКОВСКОГО ОБРАЗОВАНИ
245 Заглавие __
a Заглавие Основы специальной педагогики и психологии
b Продолж. заглавия Учебник
c Ответственность КОРПОРАТИВНЫЙ УНИВЕРСИТЕТ МОСКОВСКОГО ОБРАЗОВАНИ; Томский государственный педагогический университет
250 Сведения об издании __
a Основные сведения об издании 1
260 Выходные данные __
a Место издания Москва
b Издательство ООО "Научно-издательский центр ИНФРА-М"
c Дата издания 2026
300 Физическое описание __
a Объем 396 с.
440 Серия __
a Серия Среднее профессиональное образование
520 Аннотация __
a Аннотация В учебнике рассматриваются вопросы становления национальных систем специального образования зарубежный и отечественный опыт в этой области особенности организации образовательного процесса при обучении лиц с нарушениями в развитии и особыми образовательными потребностями основы дидактики специальной педагогики. Включает тематическое содержание тестовые материалы и задания для самостоятельной работы студентов словарь основных понятий и терминов. Адресован студентам учебных заведений высшего и среднего профессионального образования слушателям факультетов повышения квалификации и переподготовки кадров педагогам родителям.
521 Примеч. о цел. назн. __
a Примеч. о целев. назн. Среднее профессиональное образование
650 Тематические рубрики __
a Основная рубрика Педагогика. Образование
x Основная подрубрика Специальная (коррекционная) педагогика
655 Указ. предметных рубрик (устаревшее) __
a Жанр/ форма (устаревшее) Учебник
700 Другие авторы __
a Другие авторы Михайлова Е.Н.
q Полное имя Михайлова Елена Николаевна
u Дополнение Томский государственный педагогический университет
856 Электронный адрес документа 4_
a Имя сервера/домена znanium.ru
m Помощь ebs_support@infra-m.ru
n Местонахождение сервера НИЦ ИНФРА-М
u URL https://znanium.ru/catalog/document?id=482216
856 Электронный адрес документа 48
a Имя сервера/домена znanium.ru
d Путь /cover/2255
f Электронное имя 2255716.jpg
q Тип электронного формата image/jpeg
u URL https://znanium.ru/cover/2255/2255716.jpg
911 __
u 0030=https://znanium.ru/catalog/document?id=482216
911 __
u 712a=Томский государственный педагогический университет